রবীন্দ্র বিচিত্রা / (Record no. 39951)
[ view plain ]
| 000 -LEADER | |
|---|---|
| fixed length control field | 00867nam a2200229 a 4500 |
| 001 - CONTROL NUMBER | |
| control field | 39951 |
| 003 - CONTROL NUMBER IDENTIFIER | |
| rucl marc code | BD-RjUL |
| 005 - DATE AND TIME OF LATEST TRANSACTION | |
| control field | 20211209053112.0 |
| 008 - FIXED-LENGTH DATA ELEMENTS--GENERAL INFORMATION | |
| fixed length control field | 160420r19791972 ||||e |||| 00| 0 d |
| 020 ## - INTERNATIONAL STANDARD BOOK NUMBER | |
| Terms of availability | : TK.30.00 |
| 035 ## - SYSTEM CONTROL NUMBER | |
| System control number | (BD-RjUL)40065 |
| 040 ## - CATALOGING SOURCE | |
| Original cataloging agency | BD-RjUL |
| Language of cataloging | ben |
| Transcribing agency | BD-RjUL |
| 041 ## - LANGUAGE CODE | |
| Language code of text/sound track or separate title | ben |
| 082 ## - DEWEY DECIMAL CLASSIFICATION NUMBER | |
| Edition number | 23 |
| Author mark and year | ROB 1979 |
| Classification number | 891.4414 |
| 245 00 - TITLE STATEMENT | |
| Title | রবীন্দ্র বিচিত্রা / |
| Statement of responsibility, etc. | বিশ্বনাথ দে সম্পাদিত |
| 260 ## - PUBLICATION, DISTRIBUTION, ETC. (IMPRINT) | |
| Place of publication, distribution, etc. | কলিকাতা : |
| Name of publisher, distributor, etc. | সাহিত্যম, |
| Date of publication, distribution, etc. | ১৯৭৯ |
| 300 ## - PHYSICAL DESCRIPTION | |
| Pagination | [৮], ২৭৯ পৃ. ; |
| Size | ২১ সেমি. |
| 600 ## - SUBJECT ADDED ENTRY--PERSONAL NAME | |
| Personal name | ঠাকুর, রবীন্দ্রনাথ |
| Dates associated with a name | ১৮৬১ -১৯৪১ |
| Titles and other words associated with a name | Tagore, Rabindranath |
| Dates associated with a name | 1861 - 1941 |
| 700 ## - ADDED ENTRY--PERSONAL NAME | |
| Personal name | দে, বিশ্বনাথ, সম্পাদক |
| 942 ## - ADDED ENTRY ELEMENTS (KOHA) | |
| Source of classification or shelving scheme | Dewey Decimal Classification |
| Koha item type | Books |
| Lost status | Source of classification or shelving scheme | Damaged status | Not for loan | Collection code | Permanent Location | Current Location | Shelving location | Date acquired | Source of acquisition | Cost, normal purchase price | Total Checkouts | Full call number | Date last seen | Date checked out | Copy number | Koha item type |
|---|---|---|---|---|---|---|---|---|---|---|---|---|---|---|---|---|
| Dewey Decimal Classification | Non-fiction | Central Library, University of Rajshahi | Central Library, University of Rajshahi | 13/08/1982 | Aligor Library, Rajshahi | 30.00 | 1 | B 891.4414 ROB 1979 | 16/08/2018 | 14/08/2018 | C-2 | Books |